000 00869cam a2200265 i 4500
001 17140
003 DO-SdUEMH
005 20251128193028.0
007 ta
008 211105s1978 ag a|||gr|||| 000 0 spa|d
040 _aDO-SdUEMH
_bspa
_erda
041 _aspa
082 4 _a982.02 O152C
_bK64o
_mCG
084 _b14-00089
100 _aKlein, Herbert S.
_eaut
245 3 0 _aEl ocaso del orden colonial en Hispanoamérica /
_cHerbert S. Klein, Oscar Cornblit, Tulio Harperinghi Donghi, Nicolas Sánchez Albornz, Torcuato S. Di Tella ; compilador: Tulio Harperinghi Donghi
260 _c1978
264 1 _aBuenos Aires, Argentina :
_bSudamericana,
_c1978
300 _a247 paginas :
_bIlustraciones ;
_c20 cm
336 _2rdacontent
_atexto
_btxt
337 _2rdamedia
_asin mediación
_bn
338 _2rdacarrier
_avolumen
_bnc
942 _2ddc
_cBK
_n0
999 _c17140
_d17140